00778nam a22002057a 4500999001900000005001700019010001300036020002600049035001200075037001600087082000800103100002200111245008100133246005600214260005300270270005800323300002100381942002700402952014300429 c190813d19081320220805120942.0 aUR-11662 a9789393785145c450.00 aU-10217 bDBAD/PUBa- a921 aمنظر حسین aاقبا ل اور مشرقی مفکرین /cمنظر حسینhا ر د و aIqbal aur Mashrequi Mofakkerin /bby Manzar Hussain aNew DelhibEducational Publishing Housec2022 ء aH.O.D1/16, Ansari Road, Darya GanjbNew Delhie110002 a356 صc23cm(Hb) 2ddccURh921mم ن ظ 001040708NFICaLbLd2022-08-05eDBAD/PUBg450.00l1o921 م ن ظpU-10217r2023-06-22 00:00:00s2023-06-12t1v450.00w2022-08-05yUR